Funding for the HCA announced (Record no. 82516)
[ view plain ]
| 000 -LEADER | |
|---|---|
| fixed length control field | 00951cad a22002055a 4500 |
| 001 - CONTROL NUMBER | |
| control field | E150455 |
| 008 - FIXED-LENGTH DATA ELEMENTS--GENERAL INFORMATION | |
| fixed length control field | 100715e20100706xxk 000 0 eng d |
| 035 ## - SYSTEM CONTROL NUMBER | |
| System control number | (Sirsi) u150455 |
| 041 0# - LANGUAGE CODE | |
| Language code of text/sound track or separate title | eng |
| 110 2# - MAIN ENTRY--CORPORATE NAME | |
| Corporate name or jurisdiction name as entry element | Homes and Communities Agency |
| 9 (RLIN) | 5688 |
| 245 00 - TITLE STATEMENT | |
| Title | Funding for the HCA announced |
| Medium | [electronic resource] |
| 260 ## - PUBLICATION, DISTRIBUTION, ETC. | |
| Date of publication, distribution, etc. | 2010 |
| 490 ## - SERIES STATEMENT | |
| Series statement | HCA Briefing Note |
| Volume/sequential designation | 6 July 2010 |
| 520 ## - SUMMARY, ETC. | |
| Summary, etc. | Confirms that HCA will receive £390m Government funding, in addition to £170m announced on 24 May 2010. The money will be used to create new affordable housing, and to support the Decent Homes and Mortgage Rescue initiatives. |
| 590 ## - LOCAL NOTE (RLIN) | |
| Local note | KA |
| 651 #4 - SUBJECT ADDED ENTRY--GEOGRAPHIC NAME | |
| Geographic name | England |
| Chronological subdivision | 886- |
| 690 ## - LOCAL SUBJECT ADDED ENTRY--TOPICAL TERM (OCLC, RLIN) | |
| Topical term or geographic name as entry element | PROPERTY-RESIDENTIAL PROPERTY-DOMESTIC RESIDENTIAL PROPERTY-HOUSING |
| 856 40 - ELECTRONIC LOCATION AND ACCESS | |
| Uniform Resource Identifier | <a href="https://www.homesandcommunities.co.uk/public/documents/HCA_briefing_note_6_July_2010.pdf">https://www.homesandcommunities.co.uk/public/documents/HCA_briefing_note_6_July_2010.pdf</a> |
| Public note | View the briefing note free of charge (PDF file) at www.homesandcommunities.co.uk |
| 942 ## - ADDED ENTRY ELEMENTS (KOHA) | |
| Suppress in OPAC | 0 |
| Withdrawn status | Lost status | Source of classification or shelving scheme | Damaged status | Not for loan | Home library | Current library | Shelving location | Date acquired | Total Checkouts | Full call number | Barcode | Date last seen | Copy number | Price effective from | Koha item type |
|---|---|---|---|---|---|---|---|---|---|---|---|---|---|---|---|
| Dewey Decimal Classification | Virtual | Virtual | Online | 15/07/2010 | ONLINE PUBLICATION | 150455-2001 | 06/08/2019 | 1 | 06/08/2019 | Journal article |